| 000 | 00482nam a2200145 4500 | ||
|---|---|---|---|
| 008 | 151205b xxu||||| |||| 00| 0 eng d | ||
| 020 | _a1576851281 | ||
| 050 | _aPE 1112 .O47 1998 | ||
| 100 |
_aOlson, Judith F. _d1998. |
||
| 245 |
_aWriting skills success in 20 minutes a day. _cJudith F. Olson. |
||
| 260 |
_aNew York; _bLearning express, _c1998. |
||
| 300 |
_aviii, 200 p. _bIncludes index. |
||
| 650 | _aWriting skills. | ||
| 942 |
_2lcc _cBOOKS _hPE 1112 .O47 1998 |
||
| 999 |
_c10421 _d10421 |
||